Now United Members - Statistics

General Stats
  • This quiz has been taken 164 times
    158 since last reset
  • The average score is 8 of 18
Answer Stats
Country Member % Correct
Brazil Any Gabrielly
93%
Phillipines Bailey May
93%
South Korea Heyoon Jeong
70%
Canada Josh Beauchamp
69%
*Senegal Diarra Sylla
67%
Japan Hina Yoshihara
58%
United States Noah Urrea
54%
Finland Joalin Loukamaa
53%
United Kingdom Lamar Morris
45%
China Krystian Wang
44%
Mexico Sabina Hidalgo
38%
Ivory Coast Melanie Thomas
27%
Lebanon Nour Ardakani
27%
Germany Sina Deinert
25%
India Shivani Paliwal
22%
Russia Sofya Plotnikova
21%
Australia Savannah Clarke
20%
Spain Alex Mandon Rey
4%
No matching quizzes found
Score Distribution
Percent of People with Each Score
Percentile by Number Answered
Your Score History
You have not taken this quiz since the last reset